00270nam a2200109Ia 4500008004100000100001500041245003900056260003400095300000900129942000700138999001500145190216s9999||||xx |||||||||||||| ||und|| aBhalla V K 0aInternational Financial Management bMarar Sahithya Prakasamc2001 a973p cBK c6508d6508